Music Quiz

Random Music or Song Quiz

Days of the week Songs Quiz Stats

 Plays Quiz not verified by Sporcle

Challenge
Share
Tweet
Embed
Score 0/23 Timer 06:00
0 Plays Today
Artist Song Title % Correct
U2Sunday Bloody Sunday
62.7%
The BanglesManic Monday
61%
The CureFriday I'm in Love
59.9%
Rolling StonesRuby Tuesday
56.5%
Mamas and PapasMonday Monday
51.4%
Boomtown RatsI Don't Like Mondays
45.8%
New OrderBlue Monday
42.4%
Elton JohnSaturday Nights Alright For Fighting
37.9%
The CarpentersRainy Days and Mondays
29.4%
The Velvet UndergroundSunday Morning
24.9%
Lynyrd SkynyrdTuesdays Gone
24.3%
BlondieSunday Girl
15.8%
Artist Song Title % Correct
MorrisseyEveryday is Like Sunday
15.8%
Fleetwood MacMonday Morning
15.3%
Lily AllenFriday Night
13.6%
Sam Cooke/Cat StevensAnother Saturday Night
13.6%
Bon JoviSomeday I'll Be Saturday Night
9.6%
The DriftersSaturday Night at The Movies
8.5%
Small FacesLazy Sunday
8.5%
Simon and GarfunkelWednesday Morning 3am
7.9%
David BowieThursdays Child
6.2%
David BowieDrive in Saturday
3.4%
The SpecialsFriday Night, Saturday Morning
2.8%

You're not logged in!

Compare scores with friends on all Sporcle quizzes.
OR
Log In

You Might Also Like...

Show Comments

Extras

Created Nov 2, 2009ReportNominate
Tags:Artist Quiz, Song Quiz, week

Top Quizzes Today


Score Distribution

Your Account Isn't Verified!

In order to create a playlist on Sporcle, you need to verify the email address you used during registration. Go to your Sporcle Settings to finish the process.

Report this User

Report this user for behavior that violates our Community Guidelines.

Details: